PHARMACOLOGY (Record no. 1220482)

MARC details
000 -LEADER
fixed length control field 00350nam a2200145Ia 4500
008 - FIXED-LENGTH DATA ELEMENTS--GENERAL INFORMATION
fixed length control field 260417s2024 xx 000 0 und d
041 ## - LANGUAGE CODE
Language code of text/sound track or separate title eng
082 ## - DEWEY DECIMAL CLASSIFICATION NUMBER
Classification number 612/TIW
Item number DI-1171
100 ## - MAIN ENTRY--PERSONAL NAME
Personal name MS. MEGHA TIWARI
245 ## - TITLE STATEMENT
Title PHARMACOLOGY
250 ## - EDITION STATEMENT
Edition statement 2ND ed
260 ## - PUBLICATION, DISTRIBUTION, ETC.
Place of publication, distribution, etc. PUNE
Name of publisher, distributor, etc. 2024
-- NIRALI PRAKASHAN
300 ## - PHYSICAL DESCRIPTION
Extent P.B/21.6p
650 ## - SUBJECT ADDED ENTRY--TOPICAL TERM
Topical term or geographic name entry element PHARMACOLOGY
Holdings
Withdrawn status Lost status Damaged status Not for loan Home library Current library Date acquired Cost, normal purchase price Total Checkouts Full call number Barcode Date last seen Price effective from Koha item type
        College of Pharmacy, Kolhapur College of Pharmacy, Kolhapur 21/03/2024 320.00   DI-1171/612/TIW PCK-DI-1171 17/04/2026 17/04/2026 Book